The mirror of Narcissus : songs /

Bibliographic Details
Main Author: Guillaume, de Machaut, approximately 1300-1377
Corporate Author: Gothic Voices
Other Authors: Page, Christopher, 1952-
Format: CD Audio
Language:French, Old (ca. 842-1300)
Latin
Language Notes:The last work is sung in Latin; all others are sung in Middle French.
Published: London : Hyperion, ℗1987.
Subjects:

MARC

Tag First Indicator Second Indicator Subfields
LEADER 00000cjm a2200000 a 4500
001 in00002020004
005 20240515160132.0
007 sd fsngnnmmneu
008 880513p19871983enkmunn d n fro d
010 |z  86753079  
019 |a 29730943  |a 42531542  |a 154284494  |a 987697664  |a 1029387519  |a 1031677387  |a 1032603211 
024 1 |a 3457116087 
024 1 0 |a 034571160870 
028 0 1 |a CDA66087  |b Hyperion 
029 1 |a AU@  |b 000007408482 
029 1 |a AU@  |b 000021760952 
029 1 |a AU@  |b 000069803451 
029 1 |a NZ1  |b 4376311 
033 1 0 |a 19830407  |a 19830408 
033 1 |a 19830407  |a 19830408 
035 |a (OCoLC)ocm17947838  
035 |a (OCoLC)17947838  |z (OCoLC)29730943  |z (OCoLC)42531542  |z (OCoLC)154284494  |z (OCoLC)987697664  |z (OCoLC)1029387519  |z (OCoLC)1031677387  |z (OCoLC)1032603211 
035 |a (OCoLC)ocm17947838  
040 |a CWR  |b eng  |c CWR  |d OCL  |d CPL  |d NPC  |d OCLCG  |d PAU  |d VVW  |d NTG  |d MUQ  |d MTG  |d LS1  |d OCLCQ  |d OCLCA  |d IAD  |d OCLCF  |d GK8  |d OCLCA  |d OCLCQ  |d UAB  |d TFW  |d OCLCO  |d OCL  |d VTU  |d SNN  |d TJC  |d NJT  |d OCLCO  |d OCLCQ  |d TJCBL  |d IL4J6  |d OCLCQ  |d OCLCO  |d MNT  |d OCLCO  |d OCLCQ  |d OCL  |d OCLCO  |d OCLCL 
041 0 |d fro  |d lat  |e fro  |e lat  |e eng  |n fro  |n lat 
047 |a mo  |a cp  |a pt 
048 |a vn01 
048 |a vn03 
048 |a vn04 
050 0 0 |a M1621.2.G84  |b M47 1987 
050 1 4 |a CD782.26 G 
082 0 4 |a 782.26 
100 0 |a Guillaume,  |c de Machaut,  |d approximately 1300-1377.  |1 https://id.oclc.org/worldcat/entity/E39PBJdWQ3HW4XG3C4fMFMTCQq 
240 1 0 |a Vocal music.  |k Selections 
245 1 4 |a The mirror of Narcissus :  |b songs /  |c by Guillaume de Machaut. 
260 |a London :  |b Hyperion,  |c ℗1987. 
300 |a 1 audio disc ;  |c 4 3/4 in. 
306 |a 000424  |a 000313  |a 000254  |a 000301  |a 000422  |a 000538  |a 000446  |a 000217  |a 000431  |a 000251  |a 000407  |a 000245  |a 000341 
336 |a performed music  |b prm  |2 rdacontent 
337 |a audio  |b s  |2 rdamedia 
338 |a audio disc  |b sd  |2 rdacarrier 
344 |a digital  |2 rdatr 
344 |b optical  |2 rdarm 
344 |c 1.4 m/s 
347 |a audio file  |2 rdaft 
347 |b CD audio 
500 |a For 1, 3 or 4 voices. 
511 0 |a Gothic Voices ; Christopher Page, conductor. 
518 |a Recorded Apr. 7-8, 1983. 
500 |a Texts with English translations (15 p.)--inserted in container. 
505 0 0 |t Dame, de qui toute ma joie vient : ballade from the Remede de Fortune  |g (5:24) --  |t Foy porter : virelai  |g (3:13) --  |t Dame, je sui cilz/Fins cuers doulz : motet  |g (2:54) --  |t Tuit mi penser : virelai  |g (3:01) --  |t Dame, mon cuer en vous remaint : rondelet from the Remede de Fortune  |g (4:22) --  |t Dame, a qui : virelai  |g (5:38) --  |t Biauté qui toutes autres pere : ballade  |g (4:46) --  |t Je vivroie liement : virelai  |g (2:17) --  |t Rose, liz, printemps, verdure : rondeau  |g (4:31) --Dame, a vous sans retollir : virelai from the Remede de Fortune  |g (2:51) --  |t Amours me fait desirer : ballade  |g (4:07) --  |t Douce dame jolie : virelai  |g (2:45) --Inviolata genitrix/Felix virgo/Ad te suspiramus : motet  |g (3:41). 
546 |a The last work is sung in Latin; all others are sung in Middle French. 
650 0 |a Polyphonic chansons. 
650 0 |a Motets. 
650 0 |a Part songs, French. 
650 0 |a Songs, Unaccompanied. 
650 0 |a Music. 
650 2 |a Music 
650 6 |a Polyphonies françaises. 
650 6 |a Motets. 
650 6 |a Musique. 
650 6 |a Chansons a cappella. 
650 7 |a music (discipline)  |2 aat 
650 7 |a Music  |2 fast 
650 7 |a Motets  |2 fast 
650 7 |a Part songs, French  |2 fast 
650 7 |a Polyphonic chansons  |2 fast 
650 7 |a Songs, Unaccompanied  |2 fast 
650 7 |a Songs, French  |y 500-1400.  |2 nli 
650 7 |a Polyphonic chansons  |y 500-1400.  |2 nli 
655 7 |a Motets  |2 fast 
655 7 |a Motets.  |2 lcgft 
655 7 |a Motets.  |2 rvmgf 
700 1 |a Page, Christopher,  |d 1952-  |1 https://id.oclc.org/worldcat/entity/E39PBJkD3g7WpQrj4p63xQxFKd 
710 2 |a Gothic Voices. 
758 |i has work:  |a Selections Vocal music (Work)  |1 https://id.oclc.org/worldcat/entity/E39PCFMhrfq7vHwx6xRXmjMv6q  |4 https://id.oclc.org/worldcat/ontology/hasWork 
948 |h HELD BY TXA - 287 OTHER HOLDINGS 
994 |a Z0  |b TXA 
999 f f |s 48cc4523-362d-30c6-9807-2ac2adf136a9  |i 62ee68ab-d9fa-3cb5-aafa-345cb33fb177  |t 0 
952 f f |p ric  |a Texas A&M University  |b Rellis Campus  |c Joint Library Facility  |s JLF  |d Remote Storage  |t 0  |e M1497.G966 M57 1987  |h Library of Congress classification  |i audio -- audio disc  |m A14831654740